[Event "Kragero Resort International 2022"]
[Site "Kragero"]
[Date "2022.02.23"]
[Round "1.20"]
[White "Kjartansson, Gudmundur"]
[Black "Mashchenko, Tamila"]
[Result "1-0"]
[WhiteElo "2450"]
[BlackElo "2048"]
[Annotator "TA"]
[PlyCount "107"]
[EventDate "2022.02.23"]
[EventType "swiss"]
[EventCountry "NOR"]
[SourceTitle "playchess.com"]
[Source "ChessBase"]
[SourceQuality "1"]

{[%evp 31,107,57,68,41,62,55,53,33,32,10,0,1,42,50,59,1,10,-32,-33,-29,-30,-19,-12,-54,3,0,54,40,200,197,221,202,197,180,147,149,238,249,333,190,358,195,327,336,306,138,130,147,365,370,342,352,399,398,393,389,548,544,536,539,526,518,12832,12833,12833,8556,12835,12836,12836,12837,12837,12837,12838,12838,29988,29989,29989,12845]} 1. Nf3 Nf6 2. c4 g6 3. g3 Bg7 4. Bg2 O-O 5. O-O d6 6. d4 Nbd7 7. Nc3 e5 8. e4 exd4 9. Nxd4 Re8 10. Qc2 c6 11. Rd1 a5 12. h3 Nc5 13. Bf4 Nh5 14. Be3 Qe7 15. Re1 a4 16. Rad1 Nf6 17. f3 {E69: King's Indian: Fianchetto: 6...Nbd7 7 0-0 e5 8 e4 c6 9 h3.} Qc7 18. Bf2 Qa5 19. Qd2 {White is slightly better.} Nfd7 20. f4 {Prevents Ne5.} Nb6 {[#]} 21. Bf1 $146 ({Predecessor:} 21. b3 Qb4 22. e5 axb3 23. axb3 dxe5 24. Nc2 Qxb3 25. Bxc5 Nxc4 26. Qe2 Qxc3 27. Bb4 Qxg3 28. Qxc4 Bxh3 29. Qf1 Bxg2 30. Qxg2 Qxf4 {0-1 (37) Ignacz,M (2223)-Farago,S (2261) Budapest 2007}) 21... Qb4 (21... Be6 $11 {is more appropriate.}) 22. Nc2 Qxb2 23. e5 (23. Bd4 $1 $14 Bxd4+ 24. Qxd4 Qxc2 25. Re2) 23... Bf5 $11 24. Ne3 (24. Bxc5 $11 dxc5 25. Ne3 Qxd2 26. Rxd2) 24... Qxd2 $15 25. Rxd2 Be6 26. Rxd6 {[%cal Oe3d5]} Bf8 27. Rdd1 (27. Rd4 $11 {should be considered.}) 27... Red8 (27... a3 $1 $15) 28. g4 {[%cal Bg3g4,Bg4g5][%mdl 32]} f5 (28... Rxd1 $11 29. Rxd1 Re8) 29. exf6 $14 Nbd7 $2 (29... Rxd1 $14 30. Rxd1 a3) 30. g5 $18 Bf7 31. h4 Ne6 32. f5 Nec5 33. fxg6 {White is more active.} hxg6 (33... Bxg6 $16 34. Ng2 Bh5) 34. Ng4 Re8 35. Kh2 (35. Rxe8 $142 Rxe8 36. Nxa4 $1 {[%mdl 512]}) 35... Rad8 (35... Rxe1 36. Bxe1 (36. Rxe1 a3 $18) 36... Re8) 36. Bg3 (36. Rxe8 $142 Rxe8 37. Nxa4 $1 {[%mdl 512]}) 36... a3 (36... Rxe1 $142 37. Bxe1 (37. Rxe1 Be6 $16) 37... Re8) 37. Rxe8 Rxe8 {[#]} 38. Bd6 (38. Na4 $1 $18 {[%mdl 512]}) 38... Bxd6+ 39. Rxd6 Ne5 $2 {[#] Loses the game.} (39... Re1 $16) 40. Nxe5 $1 Rxe5 41. Rd8+ Re8 42. Rxe8+ Bxe8 {[%mdl 4096] Endgame KBN-KBN} 43. Kg3 Bd7 (43... Kf7 {was called for.} 44. Kf4 Bd7) 44. Kf4 Bf5 45. Ke5 Kf7 46. Kd6 Ne4+ (46... Ne6 $142 47. c5 Ke8) 47. Nxe4 Bxe4 {KB-KB} 48. Bh3 b5 49. Be6+ Kf8 50. cxb5 cxb5 51. Kc5 Bd3 52. Kb4 Bf5 53. Bxf5 gxf5 54. Kxb5 {Weighted Error Value: White=0.25 (precise) /Black=0.73} (54. g6 $142 Ke8 55. h5 f4 56. h6 f3 57. h7 f2 58. h8=Q+ Kd7 59. Qh3+ Kc7 60. f7) 1-0

[Event "Kragero Resort International 2022"]
[Site "Kragero"]
[Date "2022.02.23"]
[Round "1.21"]
[White "Verbin, Valentina"]
[Black "Osmak, Yuliia"]
[Result "0-1"]
[WhiteElo "2046"]
[BlackElo "2432"]
[Annotator "TA"]
[PlyCount "56"]
[EventDate "2022.02.23"]
[EventType "swiss"]
[EventCountry "NOR"]
[SourceTitle "playchess.com"]
[Source "ChessBase"]
[SourceQuality "1"]

{[%evp 9,56,4,14,8,12,22,21,0,10,0,2,0,17,0,12,-11,-14,-7,-12,-13,-16,-18,12,-10,-25,-54,-43,-104,-69,-68,-71,-68,-70,-69,-77,-101,-99,-210,-208,-200,-133,-215,-219,-216,-221,-690,-694,-898,-914]} 1. e4 e6 2. d4 d5 3. Nd2 c5 4. exd5 Qxd5 5. dxc5 Qxc5 6. Ngf3 {C07: French Tarrasch: 3...c5, 4 Ngf3 and 4 exd5 Qxd5.} Nf6 7. Bd3 Qc7 8. O-O {The position is equal.} Nbd7 {[%cal Bb8d7,Bd7c5,Bc5b7,Bb7d6][%mdl 32]} 9. Re1 Be7 10. Qe2 a6 11. a4 {[#]} b6 $146 ({Predecessor:} 11... Nd5 12. Ne4 Nf4 13. Bxf4 Qxf4 14. g3 Qc7 15. Nfg5 Ne5 16. Qh5 h6 17. f4 g6 {0-1 (34) Pettersen,J (2062)-Christiansen,J (2401) Fagernes 2016}) 12. Nd4 {[%cal Od4f5]} Nc5 13. Bc4 O-O 14. b4 Nb7 15. Ba3 {[%cal Od4f5]} (15. Bxa6 Bxb4 16. Bb2 Bxd2 17. Bxb7 Bxb7 $17) 15... Nd6 {Prevents Nf5.} 16. Bd3 (16. b5 $5 {[%cal Rd4c6]}) 16... Nd5 17. Qf3 Bf6 18. N2b3 ({Better is} 18. Bb2 $15) 18... Bb7 {...e5 is the strong threat.} 19. b5 axb5 (19... Nb4 20. Qg3 (20. Bxh7+ Kxh7 21. Qh3+ Kg8 $17) 20... a5 21. c3 Nxd3 22. Bxd6 $11) 20. axb5 Rfd8 {[%cal Od5b4]} ({Of course not} 20... Nb4 21. Qg3 (21. Bxh7+ Kxh7 22. Qh5+ Kg8 $15) 21... Ra4 22. Bxb4 Rxb4 23. c3 Bxd4 24. Nxd4 $11 (24. cxb4 Bxa1 25. Rxa1 g6 $15)) 21. Bxd6 Qxd6 22. Rxa8 Bxa8 {This bishop pair is nice.} 23. Be4 (23. Nc6 $17 {was worth a try.} Bxc6 24. bxc6) 23... Qb4 $19 {[%csl LRd4,LRe1][%cal Rb4e1] [#]} 24. c3 Qxc3 25. Qxc3 (25. Rc1 $17 Qxf3 26. Bxf3) 25... Nxc3 26. Bxa8 Rxa8 27. Rc1 $2 (27. Kf1) 27... Bxd4 28. Nxd4 {[#]} e5 $1 {Weighted Error Value: White=0.42/Black=0.07 (flawless)} 0-1

[Event "Kragero Resort International 2022"]
[Site "Kragero"]
[Date "2022.02.23"]
[Round "1.22"]
[White "Injac, Teodora"]
[Black "Elmi, Saad Abobaker"]
[Result "1/2-1/2"]
[WhiteElo "2407"]
[BlackElo "2044"]
[Annotator "TA"]
[PlyCount "90"]
[EventDate "2022.02.23"]
[EventType "swiss"]
[EventCountry "NOR"]
[SourceTitle "playchess.com"]
[Source "ChessBase"]
[SourceQuality "1"]

{[%evp 20,90,18,0,0,0,8,-47,-62,-79,-93,-91,-14,-13,-55,-103,14,-28,0,-78,-70,-118,0,-70,31,-54,-69,-56,-71,-72,-22,-22,-25,-17,-21,-15,-15,-15,-22,-22,-16,-93,-100,-118,-113,-104,0,0,0,0,0,0,0,0,0,-16,78,72,764,0,0,0,0,0,0,-124,0,-154,-88,-129,0,0,0]} 1. d4 Nf6 2. c4 e6 3. Nf3 d5 4. g3 Be7 5. Bg2 O-O 6. Qc2 c6 7. O-O b6 8. Rd1 Ba6 9. b3 Nbd7 10. Bb2 Rc8 11. Nc3 Qc7 {E08: Closed Catalan: Main Line: 7 Qc2.} 12. e4 dxc4 13. bxc4 ({White should play} 13. Nd2 $11) 13... Bxc4 $15 {Black is slightly better.} 14. e5 Nd5 15. Ne4 {aiming for Neg5.} Ba6 (15... b5 $1 $17) 16. Neg5 $11 {[%csl Gg5][%cal Rc2h7]} g6 {[#]} 17. h4 $146 (17. Qd2 $15 {should be considered.}) ({Predecessor:} 17. Qe4 Kg7 18. h4 h6 19. Nh3 c5 20. h5 c4 21. hxg6 fxg6 22. Nh4 Bxh4 23. Qxh4 {1-0 (36) Nguyen,T (2362)-Olay,E (2348) Subic Bay 2009}) 17... Qd8 (17... c5 $1 $17 18. Ba3 Qb8) 18. Bh3 (18. Ne4 $142) 18... Kh8 19. Qe4 (19. Ne4 $11 {keeps the balance.}) 19... Qe8 $1 $17 ({Don't take} 19... h6 20. Nxe6 $1 {[%mdl 512]} fxe6 21. Qxg6 $1 $14) 20. Nh2 (20. Bg2 $15) 20... Nc7 (20... h6 $17 21. Ngf3 c5) 21. Rac1 (21. Qf4 $11) 21... c5 (21... h6 $15 22. Ngf3 Nd5) 22. Qg4 ({White should try} 22. d5 $1 $14 Bxg5 23. dxe6 Nxe6 24. hxg5) 22... h5 $15 23. Qf4 {[%cal Od4d5]} Bb7 24. Ne4 Kg7 {To avoid Qh6+} (24... Kh7 $17) 25. Nd6 $1 $11 Bxd6 26. exd6 {Really sharp!} Nd5 27. dxc5+ f6 28. Qd2 Nxc5 29. Nf3 Rd8 30. Re1 (30. Ba3 $11) 30... Rxd6 $17 {...Qc6 is the strong threat.} 31. Ng5 {[%cal Oc1c5]} e5 32. f4 e4 ({Don't play} 32... Rd8 33. Rxc5 $1 bxc5 34. Ne6+ Kh7 35. fxe5 $11) (32... Qc6 $1 $17 33. Ne4 Nxe4 $1 34. Rxc6 Nxd2 35. Rxd6 Nf3+ 36. Kf2 Nxe1 37. Kxe1 exf4) 33. Rxc5 $1 $11 bxc5 34. Nxe4 Qd8 35. Nxd6 Qxd6 36. Bg2 Rf7 37. Kh2 {[%cal Of4f5] Black must now prevent f5!} Qb6 38. f5 $1 $16 {White is more active.} Ne7 $2 {[%mdl 8192]} (38... Qb4 $16 39. Qc1 Qg4) 39. fxg6 $2 (39. Re6 $18 Nxf5 40. Rxb6 axb6 41. Bf1) 39... Nxg6 $11 40. Bxb7 Qxb7 41. Re6 Qf3 42. Bc1 (42. Re2 $11) 42... Qg4 (42... Re7 $17 43. Qh6+ Kf7 44. Rxe7+ Nxe7 45. Qh7+ Ke6) 43. Re8 {[#]} (43. Qh6+ $1 $11 Kg8 44. Re8+ Rf8 45. Rxf8+ Nxf8 46. Qxf6) 43... Rf8 (43... Rd7 $142 $1 {[%cal Rd7d2]} 44. Qh6+ Kf7) 44. Qh6+ {[#]} ({Better is} 44. Rxf8 Nxf8 45. Qe3) 44... Kg8 (44... Kf7 $1 $17 45. Rxf8+ Nxf8) 45. Rxf8+ Nxf8 {Weighted Error Value: White=0.42/Black=0.46} 1/2-1/2

[Event "Kragero Resort International 2022"]
[Site "Kragero"]
[Date "2022.02.23"]
[Round "1.23"]
[White "Bogdanov, Artyom"]
[Black "Reimanis, Ritvars"]
[Result "1/2-1/2"]
[WhiteElo "2039"]
[BlackElo "2397"]
[Annotator "NA RC"]
[PlyCount "35"]
[EventDate "2022.02.23"]
[EventType "swiss"]
[EventCountry "NOR"]
[SourceTitle "playchess.com"]
[Source "ChessBase"]
[SourceQuality "1"]
[TimeControl "5400+30"]

1. e4 {[%emt 0:00:08]} e5 {[%emt 0:00:14]} 2. Nf3 {[%emt 0:00:08]} Nc6 {[%emt 0:00:05]} 3. Bb5 {[%emt 0:00:06]} Nf6 {[%emt 0:00:07]} 4. d3 {[%emt 0:00:24]} Bc5 {[%emt 0:00:05]} 5. Bxc6 {[%emt 0:00:13]} dxc6 {[%emt 0:00:05]} 6. O-O {[%emt 0:00:20]} Nd7 {[%emt 0:00:53]} 7. Nbd2 {[%emt 0:09:13]} a5 {[%emt 0:16:49]} 8. a4 {[%emt 0:09:53]} O-O {[%emt 0:07:27]} 9. Nb3 {[%emt 0:05:53]} Bb6 {[%emt 0:04:47]} 10. Bd2 {[%emt 0:02:25]} c5 $16 {[%emt 0:09:37]} (10... Re8 $1 $11 {should be considered.}) 11. Qe1 {[%emt 0:15:52]} c6 {[%emt 0:00:19]} 12. Be3 {[%emt 0:00:23]} f5 {[%emt 0:10:39]} 13. exf5 {[%emt 0:02:57]} Rxf5 {[%emt 0:01:53]} 14. Nfd2 {[%emt 0:01:06]} Bc7 {[%emt 0:09:20]} 15. Nxc5 {[%emt 0:12:10]} Nxc5 {[%emt 0:00:05]} 16. Bxc5 {[%emt 0:00:20]} Rh5 {[%emt 0:12:47]} 17. Qe4 {[%emt 0:08:31]} Be6 {[%emt 0:00:26]} 18. h3 {[%emt 0:04:39]} 1/2-1/2

[Event "Kragero Resort International 2022"]
[Site "Kragero"]
[Date "2022.02.23"]
[Round "1.24"]
[White "Sagafos, Magne"]
[Black "Briem, Stephan"]
[Result "1-0"]
[WhiteElo "2386"]
[BlackElo "2039"]
[Annotator "TA"]
[PlyCount "63"]
[EventDate "2022.02.23"]
[EventType "swiss"]
[EventCountry "NOR"]
[SourceTitle "playchess.com"]
[Source "ChessBase"]
[SourceQuality "1"]

{[%evp 9,63,6,41,36,40,19,48,23,31,25,68,63,77,67,89,101,81,89,125,114,102,66,66,58,82,54,50,0,128,132,131,141,159,154,152,157,294,289,299,302,294,300,296,302,446,446,435,432,441,433,513,491,657,656,628,607]} 1. Nf3 d5 2. b3 e6 3. Bb2 f5 4. d3 Nf6 5. Nbd2 Bd6 6. e4 {A06: Réti Opening: 1 Nf3 d5.} dxe4 7. dxe4 fxe4 8. Ng5 {White is slightly better.} e3 $1 9. fxe3 O-O {[#]} (9... Nc6 $11) 10. Bd3 $146 ({Predecessor:} 10. Bc4 Nd5 11. Qg4 Qe7 12. Bd3 h6 13. Ngf3 Nxe3 14. Qg6 e5 15. Qh7+ Kf7 16. Ke2 {0-1 (37) Zadymov,I (2089)-Kukorowski,J (1670) Poznan 2017}) 10... h6 11. Nge4 {White is much more active. Black has bad knights.} Nbd7 12. Nxd6 cxd6 13. O-O $36 {[%mdl 2048] White has strong initiative.} Ne5 14. Bxe5 dxe5 15. Qf3 {aiming for Ne4.} Qd5 16. Rad1 Bd7 17. Bc4 Qc5 18. Qg3 (18. Qxb7 Bc6 19. Qc7 (19. Bxe6+ $2 Kh8 $19) 19... Qxe3+ 20. Kh1 Bd5 $11) (18. Ne4 $14 Qc7 19. a4 (19. Nxf6+ Rxf6 20. Qe4 Raf8 $14)) 18... b5 {[#]} (18... Kh8 $1 $11 {keeps the balance.}) 19. Rxf6 $1 $16 {[%mdl 512]} Rxf6 {[#]} 20. Ne4 $1 {[%csl LRc5,LRd7,LRf6][%mdl 64] Discovered Attack, Double Attack} Qf8 {[%cal Of6f5]} 21. Nxf6+ (21. Rxd7 bxc4 22. Nxf6+ Qxf6 $16) 21... Qxf6 {[#]} 22. Rf1 $1 {[%cal Bd1f1,Bf1f6,Bf6e6,Be6h6,Bh6a6,Ba6a5][%mdl 32]} ({Resist} 22. Rxd7 bxc4 23. h3 cxb3 24. cxb3 Kh7 $16) 22... Qg5 {[#]} (22... Qe7 $16) 23. Qf3 $1 $18 Rd8 (23... Rb8 24. Bd3) 24. Bd3 {Threatening mate with Qf7+.} Qe7 {To avoid Qf7+} 25. Qe4 {[%csl Gd3][%cal Re4h7]} g5 26. Qxe5 {Threatens to win with Rf6.} ({Much less strong is} 26. Qg6+ $6 Qg7 $16) 26... Be8 (26... Rf8 $142 27. Rxf8+ (27. Bxb5 Bxb5 28. Qxb5 Qd6 $18) 27... Kxf8 28. Qh8+ (28. Bxb5 Bxb5 29. Qxb5 Qa3 $18) 28... Kf7 29. Qxh6 Qc5) 27. Rf6 {White is clearly winning.} Rd5 28. Qxe6+ Qxe6 29. Rxe6 Bd7 30. Rxh6 a5 31. Ra6 Re5 32. Rxa5 {Weighted Error Value: White=0.07 (flawless) /Black=0.40} 1-0

[Event "Kragero Resort International 2022"]
[Site "Kragero"]
[Date "2022.02.23"]
[Round "1.25"]
[White "Kreken, Eivind Grunt"]
[Black "Mikalsen, Erlend"]
[Result "0-1"]
[WhiteElo "2034"]
[BlackElo "2368"]
[Annotator "TA"]
[PlyCount "134"]
[EventDate "2022.02.23"]
[EventType "swiss"]
[EventCountry "NOR"]
[SourceTitle "playchess.com"]
[Source "ChessBase"]
[SourceQuality "1"]

{[%evp 23,134,6,11,-1,34,33,32,20,46,51,52,11,18,18,77,71,66,78,93,64,75,65,68,65,56,33,44,0,32,0,0,0,0,0,0,0,0,0,0,0,0,0,0,0,0,0,0,-5,0,0,0,-8,0,0,83,0,0,0,0,-20,-20,-156,-142,-192,-187,-308,-318,-442,-442,-441,-438,-425,-385,-324,-307,-817,-949,-840,-794,-29961,-29962,-29960,-29962,-29964,-29965,-29962,-29963,-29975,-29969,-29975,-29974,-29974,-29967,-29972,-29970,-29970,-29970,-29978,-29979,-29979,-29980,-29981,-29982,-29982,-29983,-29983,-29984,-29985,-29986,-29986,-29987,-29995,-29996]} 1. Nf3 d5 2. d4 Nf6 3. c4 e6 4. g3 dxc4 5. Qa4+ Nbd7 6. Bg2 a6 7. Nc3 Rb8 8. Qxc4 b5 9. Qd3 Bb7 10. O-O c5 11. dxc5 Nxc5 12. Qxd8+ Rxd8 13. Be3 {E02: Open Catalan: 5 Qa4+.} b4 14. Bxc5 Bxc5 15. Na4 {[#] White is slightly better.} Bd6 $146 ({Predecessor:} 15... Ba7 16. Ne5 Nd5 17. Rac1 a5 18. Nc5 Ba8 19. Ncd3 Bd4 20. Nc6 Bxc6 21. Rxc6 O-O {1-0 (37) Petkov,V (2559)-Voiska,M (2291) Plovdiv 2013}) 16. Rac1 O-O 17. Ne1 {Pair of Knights!} (17. Nd4 $14 Bd5 18. Bxd5 Nxd5 19. Rfd1) 17... Ne4 $11 18. Nd3 f5 {[#]} (18... a5 $11) 19. f3 $1 $16 Nf6 20. Nac5 Bxc5+ 21. Nxc5 Bc8 22. Rfd1 {Inhibits Rd2.} a5 23. f4 Rde8 24. Nd3 Ba6 25. Rc5 (25. Bf3 $14) 25... Bxd3 (25... Rc8 {keeps more tension.} 26. Rxa5 Bxd3 27. exd3 Rc2 28. b3 Rd8) 26. Rxd3 Rc8 27. Rxc8 Rxc8 $11 {[%mdl 4096] Endgame KRB-KRN} 28. Bf3 $1 Rc2 29. Rd8+ $1 Kf7 30. Ra8 Rxb2 31. Rxa5 Ne8 32. Kf2 Nd6 33. Ke1 Nc4 34. Ra7+ Kf6 35. Kd1 Ne3+ 36. Kc1 Rc2+ 37. Kb1 Rc4 38. Kb2 Nf1 {[#]} (38... Nc2 $11) 39. Kb3 (39. e4 $1 $16 {[%cal Re4e5]} Ne3 40. e5+ Kg6 41. Kb3) 39... Nd2+ 40. Kb2 h6 41. Rb7 g5 42. Bh5 {Black continues to play with concentration.} (42. Rh7 $11) 42... gxf4 $17 43. gxf4 (43. Rh7 $17 {was necessary.}) 43... Rxf4 $19 44. Rh7 (44. Kc2 {is a better defense.} Nf1 45. Be8) 44... Rh4 {[%csl LRh2,LRh5]} 45. Kc2 Rxh5 46. Kxd2 Rxh2 {KR-KR} 47. Ke3 Rh3+ 48. Kf2 Ke5 {aiming for ...Ra3.} 49. Kg2 $2 (49. Rb7 Rh4 50. Kf3) 49... Ra3 50. Rb7 Rxa2 51. Rxb4 Rxe2+ {Black mates.} 52. Kf3 Rd2 53. Rh4 Rd3+ 54. Ke2 Ra3 55. Rxh6 Kd5 56. Rh8 e5 57. Rb8 Ra2+ 58. Ke3 f4+ {[%cal Bf5f4,Bf4f3][%mdl 32]} 59. Kf3 Ra3+ 60. Ke2 Ke4 61. Rb4+ Kf5 62. Rb5 f3+ 63. Kf2 Kf4 64. Rb8 Ra2+ 65. Kf1 e4 {[%cal Be5e4,Be4e3][%mdl 32]} 66. Rb4 Kg3 67. Rb1 e3 {Weighted Error Value: White=0.42/Black=0.10 (very precise)} 0-1

[Event "Kragero Resort International 2022"]
[Site "Kragero"]
[Date "2022.02.23"]
[Round "1.26"]
[White "Vestby-Ellingsen, Mads"]
[Black "Thorsteinsdottir, Hallgerdur"]
[Result "1-0"]
[WhiteElo "2368"]
[BlackElo "2032"]
[Annotator "TA"]
[PlyCount "73"]
[EventDate "2022.02.23"]
[EventType "swiss"]
[EventCountry "NOR"]
[SourceTitle "playchess.com"]
[Source "ChessBase"]
[SourceQuality "1"]

{[%evp 13,73,0,5,0,4,13,7,9,10,13,46,19,58,46,92,99,147,158,150,168,167,164,162,162,161,158,165,105,97,106,103,96,112,120,116,105,112,101,104,112,119,123,150,140,325,333,596,596,594,548,518,515,706,535,2620,2376,2057,2043,5700,5699,2745,1895]} 1. Nf3 Nf6 2. c4 b6 3. d4 e6 4. a3 Bb7 5. Nc3 d5 6. cxd5 exd5 7. Bg5 $1 {[%mdl 4] is recently more successful than 7.g3.} Be7 8. Qa4+ {E12: Queen's Indian: Unusual White 4th moves, 4 a3, 4 Nc3 Bb7 5 a3 and 4 Nc3 Bb7 .} Nbd7 9. e3 O-O 10. Ba6 {The position is equal.} Bxa6 11. Qxa6 Re8 {[#]} 12. O-O $146 ({Predecessor:} 12. Qb7 h6 13. Bf4 c5 14. Nxd5 Nxd5 15. Qxd5 cxd4 16. Rd1 Nc5 17. Qxd4 Bf6 18. Be5 Bxe5 19. Qxd8 Raxd8 20. Rxd8 Rxd8 21. Nxe5 {½-½ (65) Jenkinson,S (2235)-Anand,A (2189) ICCF email 2012}) 12... c5 13. Rfd1 c4 (13... h6 $14 14. Bh4 Qc8 15. Qxc8 Raxc8) 14. Ne5 $1 $16 Qc7 (14... h6 $142) 15. Nb5 Qd8 16. Nc6 {White is much more active.} Nb8 17. Nxd8 Nxa6 18. Nc6 h6 19. Bxf6 Bxf6 20. Nb4 (20. Nbxa7 $6 Re6 $14) (20. Rab1 $18) 20... Nxb4 21. axb4 {Nc7 is the strong threat.} Re7 {Inhibits Nc7.} 22. Ra6 Rd7 23. Rda1 {[%cal Rb5a7]} Be7 24. Nxa7 {Black must now prevent b5.} Bxb4 {Strongly threatening ...Ba5.} 25. Nc6 {Prevents Ba5.} Rxa6 26. Rxa6 {[%mdl 4096] Endgame KRB-KRN} Ba5 27. Kf1 Rb7 28. Ke2 c3 $2 {Black cannot hold the game after this.} (28... Kh7 $16 {might work better.} 29. Ra8 Rd7 30. Nxa5 bxa5 31. Rxa5 Kg6) 29. b4 $18 {[%cal Bb2b4,Bb4a5,Ba5b6,Bb6b7][%mdl 32]} (29. Nxa5 $2 cxb2 $1 30. Nxb7 (30. Ra8+ $2 Kh7 $19) 30... b1=Q 31. Ra8+ Kh7 $19) 29... c2 $2 {[#]} (29... Rc7 {was called for.} 30. Kd1 (30. Nxa5 bxa5 31. Kd1 axb4 $17) 30... Rxc6 31. bxa5 Rc4 32. axb6 (32. Ra8+ Kh7 $18) 32... c2+ 33. Kc1 Rb4 34. Ra8+ Kh7) 30. Kd2 $1 {White is clearly winning.} Rc7 31. bxa5 Rxc6 {KR-KR} 32. Kc1 Kh7 33. axb6 Rc8 34. b7 Rb8 35. Rb6 Kg8 36. Kxc2 Kf8 37. Kc3 {Weighted Error Value: White=0.13 (very precise) /Black=0.41} 1-0

[Event "Kragero Resort International 2022"]
[Site "Kragero"]
[Date "2022.02.23"]
[Round "1.27"]
[White "Mierins, Emils Janis"]
[Black "Fischer, Daniel"]
[Result "1/2-1/2"]
[WhiteElo "2025"]
[BlackElo "2340"]
[Annotator "TA"]
[PlyCount "112"]
[EventDate "2022.02.23"]
[EventType "swiss"]
[EventCountry "NOR"]
[SourceTitle "playchess.com"]
[Source "ChessBase"]
[SourceQuality "1"]

{[%evp 17,112,30,47,37,56,0,0,0,0,-11,0,-15,0,-100,-109,-102,-108,-85,-75,-63,0,0,32,42,34,35,31,0,18,0,7,-72,-70,-60,-73,-67,-72,-70,-25,-20,-25,-25,-13,-17,0,-8,-14,-4,-16,-16,0,0,0,0,0,0,0,0,21,0,0,0,0,0,0,-29,0,0,0,0,0,0,0,0,0,0,0,0,0,0,0,0,0,0,0,0,0,0,0,-8,-8,-8,-8,-8,-8,-8,-8]} 1. e4 e5 2. Nf3 Nc6 3. Bb5 a6 4. Ba4 Nf6 5. O-O b5 6. Bb3 Bc5 7. c3 d6 8. a4 Rb8 9. d4 Bb6 $1 10. Qd3 {C78: Ruy Lopez: Archangelsk and Möller Defences.} Bd7 {[#]} 11. dxe5 $146 (11. axb5 $14 axb5 12. Be3 (12. Qxb5 $2 Nxd4 13. Bxf7+ Kxf7 $19)) ({Predecessor:} 11. axb5 axb5 12. Na3 Qe7 13. Nxb5 O-O 14. Bg5 exd4 15. Bxf6 Qxf6 16. Nbxd4 Ne5 17. Nxe5 dxe5 {1-0 (40) Raja,H (2447)-Maghsoodloo,P (2690) Sitges 2019}) 11... Nxe5 $11 12. Nxe5 dxe5 13. a5 Ba7 14. Qg3 Qe7 (14... Ng4 $2 15. h3 $18) 15. Qxg7 (15. Na3 $11) 15... Rg8 $17 16. Qh6 Rg6 17. Qh4 Rg4 18. Qh6 Nxe4 (18... Be6 $1 $15 19. Bd1 Rg6) 19. Be3 $1 $11 Bxe3 (19... Rg6 {feels hotter.} 20. Qxh7 Nf6 21. Qh8+ Rg8 22. Qh6 Rg6) 20. Qxe3 ({Much weaker is} 20. fxe3 f5 21. Bc2 Rg6 $15) 20... Qg5 $1 21. Qxg5 Rxg5 22. f4 exf4 {Strongly threatening ...Bh3.} 23. Rxf4 Bc6 {Threatens to win with ...Nc5.} 24. Bd1 {[#]} ({But not} 24. Rxf7 $2 Nc5 25. Rxh7 Rxg2+ 26. Kf1 Nxb3 $19) (24. Na3 $11 {remains equal.}) 24... Nc5 $1 $17 25. Bf3 Bxf3 26. Rxf3 Rd8 {To avoid Nd2} 27. b4 Rd1+ (27... Ne6 $15) 28. Rf1 $11 Rxf1+ 29. Kxf1 {[%mdl 4096] Endgame KRN-KRN} Nd3 30. Nd2 c5 31. Nf3 Rd5 32. Rb1 Ke7 33. g3 Kd6 34. Ke2 Ne5 {White must now prevent ...Nxf3.} 35. Nxe5 Kxe5 {KR-KR} 36. Rf1 f5 37. Ke3 Rd6 38. Rf2 Rc6 39. Rf4 Rh6 40. bxc5 Rxh2 41. Rd4 Rh6 42. Rd7 {The position is equal.} Rg6 43. Rxh7 Rxg3+ 44. Kd2 Rg6 45. Kd3 Rg3+ 46. Kd2 Rg6 47. Kd3 Rf6 48. c4 {[#] aiming for Re7+.} bxc4+ 49. Kxc4 f4 {And now ...f3 would win.} 50. Re7+ Re6 $1 51. Rxe6+ Kxe6 {KPP-KPP} 52. Kd4 Kd7 53. Ke4 Kc6 54. Kxf4 Kxc5 55. Ke3 Kb5 56. Kd3 Kxa5 {Weighted Error Value: White=0.13 (very precise) /Black=0.06 (flawless)} 1/2-1/2

[Event "Kragero Resort International 2022"]
[Site "Kragero"]
[Date "2022.02.23"]
[Round "1.28"]
[White "Kenneskog, Theodor"]
[Black "Sorensen, Simen"]
[Result "1/2-1/2"]
[WhiteElo "2344"]
[BlackElo "2014"]
[Annotator "TA"]
[PlyCount "42"]
[EventDate "2022.02.23"]
[EventType "swiss"]
[EventCountry "NOR"]
[SourceTitle "playchess.com"]
[Source "ChessBase"]
[SourceQuality "1"]

{[%evp 11,42,37,49,14,16,17,97,94,75,54,65,67,77,56,86,28,34,46,47,0,60,-124,-126,-158,-41,-54,0,0,0,0,0,0,0]} 1. e4 c5 2. Nf3 e6 3. d4 cxd4 4. Nxd4 Nc6 5. Nc3 Qc7 6. Be3 a6 7. g4 {is cutting edge theory. B48: Sicilian: Taimanov: 5 Nc3 Qc7 6 Be3 a6 without Be2.} (7. a3 {feels hotter.} Nf6 8. f4 d5 9. e5 Nd7 10. Qg4) 7... Nxd4 8. Qxd4 Ne7 (8... b5 $11 {keeps the balance.}) 9. O-O-O $16 {White is much more active. Black has bad knights. White is better.} Nc6 10. Qd2 (10. Qb6 $5 {[%cal Rb6c7]} Qxb6 11. Bxb6 $16) 10... b5 11. f4 {[#] Prevents Ne5.} Bb4 $146 ({Predecessor:} 11... Bb7 12. Bb6 Qc8 13. h4 Be7 14. Rh3 d6 15. g5 O-O 16. h5 Rb8 17. g6 h6 {0-1 (42) Tsydypov,Z (2522)-Chigaev,M (2577) Chess.com INT 2018}) 12. Kb1 O-O 13. Be2 ({White should play} 13. h4 $16) 13... Rd8 $11 14. f5 {[%cal Of5f6]} Bb7 15. f6 {To avoid Ne7} (15. a3 $14 Bf8 16. Rhf1) 15... d5 (15... Qa5 $11) 16. a3 $2 {[#]} (16. exd5 $14 {keeps the upper hand.} gxf6 17. a3) 16... dxe4 $1 $17 17. Qe1 Bf8 ({Black should try} 17... Rxd1+ $17 18. Bxd1 Bxc3 19. Qxc3 Qe5 20. Qxe5 Nxe5 21. fxg7 Rd8) 18. Qf2 Qe5 (18... Ne5 $15) 19. fxg7 $11 {The position is equal.} Bxg7 (19... Rxd1+ $2 20. Rxd1 Qxg7 21. Nxe4 $18) 20. Rhf1 Rxd1+ 21. Bxd1 f6 {Weighted Error Value: White=0.36/Black=0.33} 1/2-1/2